Town and country planning (Record no. 69092)
[ view plain ]
| 000 -LEADER | |
|---|---|
| fixed length control field | 01647cam a2200229 4500 |
| 001 - CONTROL NUMBER | |
| control field | WB3747-25 |
| 008 - FIXED-LENGTH DATA ELEMENTS--GENERAL INFORMATION | |
| fixed length control field | 011212n2001 000 0 eng u |
| 035 ## - SYSTEM CONTROL NUMBER | |
| System control number | (Sirsi) u115974 |
| 245 ## - TITLE STATEMENT | |
| Title | Town and country planning |
| 260 ## - PUBLICATION, DISTRIBUTION, ETC. | |
| Date of publication, distribution, etc. | 2001 |
| 490 ## - SERIES STATEMENT | |
| Series statement | Estates Gazette |
| Volume/sequential designation | [2001] 49 EG 117 CS (8/12/01) |
| 520 ## - SUMMARY, ETC. | |
| Summary, etc. | "R (on the application of Barker) v Bromley LBC", CA 23 November 2001. Local planning authority (A) granted outline planning permission for a development, approving reserved matters without an environmental assessment. Local resident (B) brought proceedings for judicial review of A's actions. B's claim was dismissed but she was allowed to appeal on the ground that A was required by EC Directive 85/57/EEC Article 8 to consider the need for an environmental assessment at the time it considered the reserved matters. B's claim that the Town and Country Planning (Assessment of Environmental Effects) Regulations 1988 failed to implement the directive properly was rejected. Appeal dismissed. Copy of full judgment available at: http://porch.ccta.gov.uk/courtser/judgements.nsf/Search/FEEC8D4C834F924B80256B12003A6B9C?OpenDocument. |
| 590 ## - LOCAL NOTE (RLIN) | |
| Local note | WB |
| 650 ## - SUBJECT ADDED ENTRY--TOPICAL TERM | |
| Topical term or geographic name entry element | R V BROMLEY LBC AND ANOTHER EX P BARKER |
| 650 ## - SUBJECT ADDED ENTRY--TOPICAL TERM | |
| Topical term or geographic name entry element | TOWN AND COUNTRY PLANNING |
| 650 ## - SUBJECT ADDED ENTRY--TOPICAL TERM | |
| Topical term or geographic name entry element | ENVIRONMENTAL ASSESSMENT |
| 650 ## - SUBJECT ADDED ENTRY--TOPICAL TERM | |
| Topical term or geographic name entry element | TOWN AND COUNTRY PLANNING (ASSESSMENT OF ENVIRONMENTAL EFFECTS) REGULATIONS 1988 |
| 650 ## - SUBJECT ADDED ENTRY--TOPICAL TERM | |
| Topical term or geographic name entry element | DIRECTIVE 85/57/EEC |
| 690 ## - LOCAL SUBJECT ADDED ENTRY--TOPICAL TERM (OCLC, RLIN) | |
| Topical term or geographic name as entry element | ENVIRONMENTAL AND LAND CONSULTANCY-PLANNING AND DEVELOPMENT |
| 856 ## - ELECTRONIC LOCATION AND ACCESS | |
| Uniform Resource Identifier | <a href="https://porch.ccta.gov.uk/courtser/judgements.nsf/Search/FEEC8D4C834F924B80256B12003A6B9C?OpenDocument">https://porch.ccta.gov.uk/courtser/judgements.nsf/Search/FEEC8D4C834F924B80256B12003A6B9C?OpenDocument</a> |
| 942 ## - ADDED ENTRY ELEMENTS (KOHA) | |
| Suppress in OPAC | 0 |
| Withdrawn status | Lost status | Source of classification or shelving scheme | Damaged status | Not for loan | Home library | Current library | Shelving location | Date acquired | Total Checkouts | Full call number | Barcode | Date last seen | Copy number | Price effective from | Koha item type |
|---|---|---|---|---|---|---|---|---|---|---|---|---|---|---|---|
| Dewey Decimal Classification | London | London | News article | 12/12/2001 | WB3747-25 | 115974-1001 | 06/08/2019 | 1 | 06/08/2019 | Law report |